000 00640nam a2200229Ia 4500
003 OSt
005 20220926041216.0
006 a|||||r|||| 00| 0
007 ta
008 220923b |||||||| |||| 00| 0 eng d
037 _cGeneral Book
040 _aRTL
_cRTL
_beng
041 _2eng
_aeng
082 _aX:32602, J9
100 _aGreen Robert W Ed.
_9344641
245 0 _aProtestantism and capitalism
_b The weber thesis and
260 _c1959
490 _aProblems in European Civilization
650 _aCapitalist Interest
942 _hX:32602, J9
_cGB
_2CC
999 _c666626
_d666626